A tale of two cities
Novela histórica ambientada en los turbulentos años de la revolución francesa donde se relatan la historia de dos ciudades (Londres y París) que se encuentran en una situación de tensión por la época. Allí la historias de los personajes se verán envueltas en toda la situación y cómo ésta será resuel...
সংরক্ষণ করুন:
| প্রধান লেখক: | |
|---|---|
| বিন্যাস: | গ্রন্থ |
| ভাষা: | Undetermined |
| প্রকাশিত: |
New York, Estados Unidos
McGraw-Hill International Book
1973
|
| বিষয়গুলি: | |
| ট্যাগগুলো: |
ট্যাগ যুক্ত করুন
কোনো ট্যাগ নেই, প্রথমজন হিসাবে ট্যাগ করুন!
|
MARC
| LEADER | 00000nam a2200000Ia 4500 | ||
|---|---|---|---|
| 008 | 170316s9999 xx 000 0 und d | ||
| 040 | |a cru BVZT | ||
| 090 | |a 820 D-5a | ||
| 100 | |a Dickens, Charles | ||
| 245 | 2 | |a A tale of two cities | |
| 260 | |a New York, Estados Unidos | ||
| 260 | |b McGraw-Hill International Book | ||
| 260 | |c 1973 | ||
| 300 | |a 151 páginas | ||
| 520 | |a Novela histórica ambientada en los turbulentos años de la revolución francesa donde se relatan la historia de dos ciudades (Londres y París) que se encuentran en una situación de tensión por la época. Allí la historias de los personajes se verán envueltas en toda la situación y cómo ésta será resuelta por un noble sacrificio | ||
| 650 | |a LITERATURA INGLESA |9 12 | ||
| 999 | |c 6853 |d 6853 | ||
| 942 | |c 15 D |h 820 D-5a |2 z | ||
